000 00339nam a22001457a 4500
008 230321b ||||| |||| 00| 0 eng d
020 _a9780761923602
041 _aeng
080 _22 VOLUME
_a030
082 _a030AND
100 _a42
101 _aENCIKO
245 _aENCYCLOPEDIA OF HEALTH BEHAVIOR
_cANDERSON.B.N
942 _2udc
_cBK
999 _c59419
_d59419